000
00308nam a22001097a 4500
008
170105b xxu||||| |||| 00| 0 eng d
020
_a
9781451142815
041
_a
eng
080
_2
5TH
_a
618.2
245
_a
LAB MANUAL FOR HEALTH ASSESMENT IN NURSING
_c
WEBER, J.R & KELLEY, J.H & SPRENGEL, A.D
942
_2
udc
_c
BK
999
_c
2579
_d
2579